000 00462nam a2200133 a 4500
008 120416s1976 ||||||||||||||||| || u
050 _aHB 1951 Ree
100 _aRees, P. H
245 1 0 _aSpatial population analysis
260 _aLondon
_bArnold
_c1976
350 _a0.00
650 _aPOPULATION ANALYSIS
995 _D0.00
_FCBU-MAIN LIBRARY (Kitwe)
_H1
_I0.00
_M1
_UAVAILABLE
_ZAnnex Low-Usage Collection
999 _c58048
_d58048